| 000 | 00968nam a22003017a 4500 | ||
|---|---|---|---|
| 003 | CHAP | ||
| 005 | 20220329134848.0 | ||
| 008 | 971013s r 10010 d | ||
| 010 | _a27096 | ||
| 011 | _a28068 | ||
| 035 | _a32169 | ||
| 040 | _cCHAP | ||
| 082 |
_a595.7063 _bC65 1981 |
||
| 111 | 0 | 0 |
_aCongreso Nacional de Entomología ( _n16 _d: 1981 _c: Puebla, Pue.) _926937 |
| 245 | _aPonencias | ||
| 260 |
_a(s.l.) : _bSociedad Mexicana de Entomología, _c(s.a.) |
||
| 300 | _a160 p. | ||
| 490 |
_aFolia Entomológica Mexicana _v; 48 |
||
| 590 |
_aBATCH-UPD _b10 _c20130110 _lUCH01 _h2010 |
||
| 590 |
_aBATCH-UPD _b10 _c20130410 _lUCH01 _h1329 |
||
| 590 |
_aBATCH-UPD _b10 _c20130914 _lUCH01 _h1314 |
||
| 590 |
_aCONVERSION _b10 _c20130109 _lUCH01 _h1316 |
||
| 650 | 1 | 4 |
_aEntomología _xCongresos. _937123 |
| 830 | 0 |
_aFolia Entomológica Mexicana _v; 48 _942012 |
|
| 901 | _aBK | ||
| 942 | _cLIBRO | ||
| 949 |
_a595.7063 C65 1981 _bBC _cCONG _d-74420 _eCONG _h59371 _i32169 _si |
||
| 999 |
_c27096 _d27096 |
||